Statistiques concernant Ligne 9 du métro de Paris

Cliquez ici pour prendre le quiz!

Statistiques générales

  • Ce quiz a été pris 699 fois
  • Le résultat moyen est 26 sur 37

Statistiques - réponses

#Réponse% Correct
1Pont de Sèvres
90%
37Mairie de Montreuil
88%
12Trocadéro
87%
25République
84%
13Iéna
79%
31Nation
79%
23Bonne Nouvelle
78%
4Porte de Saint-Cloud
78%
22Grands Boulevards
76%
7Michel-Ange - Auteuil
76%
24Strasbourg - Saint-Denis
76%
6Michel-Ange - Molitor
75%
19Havre - Caumartin
73%
26Oberkampf
73%
14Alma - Marceau
72%
2Billancourt
72%
8Jasmin
72%
34Porte de Montreuil
72%
9Ranelagh
71%
10La Muette
70%
11Rue de la Pompe
70%
17Miromesnil
69%
18Saint-Augustin
69%
5Exelmans
68%
15Franklin D.Roosevelt
67%
28Voltaire
67%
3Marcel Sembat
66%
29Charonne
62%
30Rue des Boulets
62%
20Chaussée d'Antin - La Fayette
61%
35Robespierre
60%
16Saint-Philippe du Roule
60%
21Richelieu - Drouot
59%
32Buzenval
56%
27Saint-Ambroise
56%
36Croix de chavaux
55%
33Maraîchers
55%

Distribution des résultats

Percentile par nombre de réponses

% des personnes avec chaque résultat

Votre développement - résultats

Vous n’avez pas pris ce quiz